000 00607nam a2200217Ia 4500
003 OSt
005 20221007083049.0
006 a|||||r|||| 00| 0
007 ta
008 221006b |||||||| |||| 00| 0 eng d
024 _a46,371
037 _cDissertations
040 _aFLL
_cFLL
_beng
041 _2eng
_aeng
100 _aMAHAL Shalini
_9700216
245 0 _aLegal reforms in banking- legislative enactments with special emphasis on insolvency and bankruptcy code, 2016
260 _c2021
300 _a109p. ix
_ccm.
942 _cDIS
_2CC
999 _c1168674
_d1168674